[Event "AUT-chT2W 1516"]
[Site "Austria"]
[Date "2015.10.16"]
[Round "1.5"]
[White "Loeffler, Christoph"]
[Black "Neuschmied, Siegfried"]
[Result "1-0"]
[WhiteElo "2159"]
[BlackElo "2246"]
[PlyCount "57"]
[EventDate "2015.10.16"]
[EventType "team-tourn"]
[EventRounds "11"]
[EventCountry "AUT"]
[SourceTitle "CBM 168 Extra"]
[Source "ChessBase"]
[SourceDate "2015.10.29"]
[SourceVersion "1"]
[SourceVersionDate "2015.10.29"]
[SourceQuality "1"]
[WhiteTeam "Salzburg"]
[BlackTeam "Kufstein/Woergl"]
[WhiteTeamCountry "AUT"]
[BlackTeamCountry "AUT"]

1. e4 g6 2. d4 d6 3. c3 Bg7 4. Nf3 Nf6 5. Bd3 0-0 6. 0-0 c5 7. Bg5 cxd4 8. Nxd4 Nbd7 9. Nd2 Nc5 10. Bc2 b6 11. Re1 Ba6 12. N2f3 Qc7 13. e5 dxe5 14. Nxe5 Rfe8 15. b4 Ncd7 16. Nxd7 Qxd7 17. Bb3 Rad8 18. Qc2 Qg4 19. h4 Nd5 20. Nc6 Bb7 21. Bxd5 Rxd5 22. f3 Qc8 23. Nxe7+ Rxe7 24. Rxe7 h6 25. Rae1 Bc6 26. Bd2 Bd4+ 27. Be3 Bf6 28. Re4 Bxh4 29. Rxh4 1-0

[Event "AUT-chT2W 1213"]
[Site "Austria"]
[Date "2012.11.30"]
[Round "4.4"]
[White "Loeffler, Christoph"]
[Black "Rusche, Johannes"]
[Result "1/2-1/2"]
[WhiteElo "2166"]
[BlackElo "2220"]
[PlyCount "62"]
[EventDate "2012.10.05"]
[EventType "team-tourn"]
[EventRounds "11"]
[EventCountry "AUT"]
[SourceTitle "EXT 2014"]
[Source "ChessBase"]
[SourceDate "2013.11.20"]
[SourceVersion "1"]
[SourceVersionDate "2013.11.20"]
[SourceQuality "1"]
[WhiteTeam "ASK"]
[BlackTeam "Kufstein/Woergl"]
[WhiteTeamCountry "AUT"]
[BlackTeamCountry "AUT"]

1. e4 c5 2. Nc3 e6 3. f4 d5 4. Bb5+ Nc6 5. Qe2 d4 6. Bxc6+ bxc6 7. Nd1 a5 8. a4 Qc7 9. d3 Bd6 10. Nh3 e5 11. f5 Nf6 12. b3 Nd7 13. 0-0 Be7 14. g4 h6 15. Nb2 Nb8 16. Nc4 Na6 17. Kg2 Bf6 18. Ng1 Nb4 19. Nf3 Ba6 20. h4 Bxc4 21. bxc4 Kd7 22. Rh1 Be7 23. Ba3 Rag8 24. g5 g6 25. f6 Bd6 26. gxh6 Rxh6 27. Ng5 Ke8 28. Raf1 Qd7 29. Rf2 Rgh8 30. Kg3 Bc7 31. Bc1 Rh5 1/2-1/2

[Event "AUT-chT2W 1213"]
[Site "Austria"]
[Date "2012.10.07"]
[Round "3.4"]
[White "Loeffler, Christoph"]
[Black "Mons, Leon"]
[Result "0-1"]
[WhiteElo "2166"]
[BlackElo "2338"]
[PlyCount "64"]
[EventDate "2012.10.05"]
[EventType "team-tourn"]
[EventRounds "11"]
[EventCountry "AUT"]
[SourceTitle "EXT 2013"]
[Source "ChessBase"]
[SourceDate "2012.11.22"]
[SourceVersion "1"]
[SourceVersionDate "2012.11.22"]
[SourceQuality "1"]
[WhiteTeam "ASK"]
[BlackTeam "Bernhard"]
[WhiteTeamCountry "AUT"]
[BlackTeamCountry "AUT"]

1. e4 g6 2. Nc3 Bg7 3. f4 d6 4. Nf3 a6 5. a4 Nf6 6. d4 c5 7. dxc5 Qa5 8. Bd3 Qxc5 9. Qe2 0-0 10. Be3 Qa5 11. 0-0 Bg4 12. h3 Bxf3 13. Qxf3 Nc6 14. Qf2 Nd7 15. Nd5 Bxb2 16. Rab1 Bg7 17. Rxb7 Nc5 18. Rb6 e6 19. Rxc6 exd5 20. Bxc5 dxe4 21. Bb6 Qd5 22. Bxe4 Qxe4 23. Rxd6 Qxa4 24. Rfd1 Rac8 25. R1d2 Rfe8 26. g3 Bc3 27. Re2 Qc4 28. Rd3 a5 29. Rxe8+ Rxe8 30. Qc5 Qe6 31. Rxc3 Qe1+ 32. Kg2 Qd2+ 0-1

[Event "AUT-chT2W 0910"]
[Site "Austria"]
[Date "2010.03.12"]
[Round "9.2"]
[White "Loeffler, Christoph"]
[Black "Schmittdiel, Eckhard"]
[Result "0-1"]
[WhiteElo "2163"]
[BlackElo "2471"]
[PlyCount "58"]
[EventDate "2009.10.23"]
[EventType "team-tourn"]
[EventRounds "11"]
[EventCountry "AUT"]
[SourceTitle "EXT 2011"]
[Source "ChessBase"]
[SourceDate "2010.11.26"]
[SourceVersion "1"]
[SourceVersionDate "2010.11.26"]
[SourceQuality "1"]
[WhiteTeam "Salzburg"]
[BlackTeam "Absam"]
[WhiteTeamCountry "AUT"]
[BlackTeamCountry "AUT"]

1. e4 c5 2. Nc3 e6 3. f4 d5 4. e5 Nc6 5. Nf3 Nge7 6. d3 b5 7. g3 b4 8. Ne2 Nf5 9. Bh3 d4 10. Kf2 Bb7 11. Re1 Be7 12. g4 Nh4 13. Ng3 0-0 14. g5 Nxf3 15. Qxf3 Qb6 16. Qh5 Kh8 17. Ne4 Rg8 18. b3 Nd8 19. Bd2 a5 20. Rg1 Bxe4 21. dxe4 a4 22. g6 fxg6 23. Rxg6 axb3 24. cxb3 Qc6 25. Bf5 Qe8 26. Rag1 exf5 27. Rxg7 Bh4+ 28. Qxh4 Rxg7 29. Qf6 Qf7 0-1

[Event "AUT-chT2W 0910"]
[Site "Austria"]
[Date "2010.01.30"]
[Round "7.2"]
[White "Blaskowski, Johannes"]
[Black "Loeffler, Christoph"]
[Result "1-0"]
[WhiteElo "2332"]
[BlackElo "2163"]
[PlyCount "101"]
[EventDate "2009.10.23"]
[EventType "team-tourn"]
[EventRounds "11"]
[EventCountry "AUT"]
[SourceTitle "EXT 2011"]
[Source "ChessBase"]
[SourceDate "2010.11.26"]
[SourceVersion "1"]
[SourceVersionDate "2010.11.26"]
[SourceQuality "1"]
[WhiteTeam "Kufstein"]
[BlackTeam "Salzburg"]
[WhiteTeamCountry "AUT"]
[BlackTeamCountry "AUT"]

1. e4 c6 2. d4 d5 3. exd5 cxd5 4. c4 Nf6 5. Nc3 g6 6. cxd5 Bg7 7. Qb3 0-0 8. Nge2 Nbd7 9. Nf4 Qb6 10. Be3 Qxb3 11. axb3 Nb6 12. Ra5 Bf5 13. Bd3 Bxd3 14. Nxd3 Rfd8 15. Nc5 Nbxd5 16. Nxb7 Rdb8 17. Nc5 e6 18. Kd2 Bf8 19. Kc2 Nb4+ 20. Kb1 Nbd5 21. Kc2 Nb4+ 22. Kd2 Nbd5 23. Ra3 Rd8 24. Rha1 Nxe3 25. Kxe3 e5 26. N3a4 Rxd4 27. b4 Nd5+ 28. Ke2 Nf4+ 29. Kf3 Rxb4 30. g3 Nh3 31. Kg2 Ng5 32. Re3 f6 33. Nd7 Kg7 34. Nab6 Bc5 35. Nxa8 Bxe3 36. fxe3 Rxb2+ 37. Kf1 Nf3 38. Rxa7 Nxh2+ 39. Ke1 Nf3+ 40. Kd1 Kh6 41. Nxf6 Kg5 42. Ne4+ Kf5 43. Ra4 Kg4 44. Nc7 Kh3 45. Ne6 h5 46. Ra7 g5 47. Rh7 h4 48. N6xg5+ Nxg5 49. Rxh4+ Kg2 50. Nxg5 Kxg3 51. Re4 1-0

[Event "AUT-chT2W 0809"]
[Site "Austria"]
[Date "2008.10.18"]
[Round "2.5"]
[White "Bensch, Patrick"]
[Black "Loeffler, Christoph"]
[Result "1-0"]
[WhiteElo "2228"]
[BlackElo "2166"]
[PlyCount "119"]
[EventDate "2008.10.17"]
[EventType "team-tourn"]
[EventRounds "11"]
[EventCountry "AUT"]
[SourceTitle "EXT 2010"]
[Source "ChessBase"]
[SourceDate "2010.11.25"]
[SourceVersion "1"]
[SourceVersionDate "2010.11.25"]
[SourceQuality "1"]
[WhiteTeam "Ranshofen"]
[BlackTeam "Salzburg"]
[WhiteTeamCountry "AUT"]
[BlackTeamCountry "AUT"]

1. e4 c6 2. d4 d5 3. e5 Bf5 4. Nd2 e6 5. Nb3 c5 6. Nxc5 Bxc5 7. dxc5 Qa5+ 8. c3 Qxc5 9. Be3 Qc7 10. f4 Ne7 11. Nf3 Bg4 12. h3 Bxf3 13. Qxf3 h5 14. Bd3 Nbc6 15. 0-0 g6 16. Bf2 h4 17. Rfd1 0-0-0 18. b4 Kb8 19. Rab1 Nc8 20. a4 g5 21. b5 Na5 22. fxg5 Qxc3 23. Qf4 Nb6 24. Bd4 Qc7 25. Rdc1 Qd7 26. Qf2 Nc8 27. Rf1 Rdg8 28. Qxf7 Qxf7 29. Rxf7 Rxg5 30. Be3 Rg3 31. Rf3 Rhg8 32. Rxg3 Rxg3 33. Kf2 d4 34. Bd2 Rxd3 35. Bxa5 Ne7 36. Bd8 Nd5 37. Bxh4 Ra3 38. Bg5 Nc3 39. Re1 Rxa4 40. h4 d3 41. Ke3 d2 42. Kxd2 Ne4+ 43. Ke3 Nxg5 44. hxg5 Rg4 45. Kf3 Rxg5 46. g4 Kc7 47. Kf4 Rg6 48. Rd1 a6 49. bxa6 bxa6 50. Rd6 Kb7 51. g5 a5 52. Kg4 Rg8 53. Kh5 a4 54. g6 a3 55. Kg5 a2 56. Rd1 Ra8 57. Ra1 Kc6 58. Kf6 Kd5 59. g7 Ke4 60. Rxa2 1-0

[Event "AUT-chT2W 0708"]
[Site "Austria"]
[Date "2008.01.27"]
[Round "8.5"]
[White "Loeffler, Christoph"]
[Black "Niedermair, Hannes"]
[Result "1/2-1/2"]
[WhiteElo "2172"]
[BlackElo "1997"]
[PlyCount "76"]
[EventDate "2007.10.06"]
[EventType "team"]
[EventRounds "11"]
[EventCountry "AUT"]
[SourceTitle "EXT 2009"]
[Source "ChessBase"]
[SourceDate "2008.11.26"]
[SourceVersion "1"]
[SourceVersionDate "2008.11.26"]
[SourceQuality "1"]
[WhiteTeam "Salzburg"]
[BlackTeam "Lustenau"]
[WhiteTeamCountry "AUT"]
[BlackTeamCountry "AUT"]

1. e4 d6 2. Nc3 Nf6 3. f4 c5 4. Nf3 Nc6 5. Bb5 a6 6. Bxc6+ bxc6 7. d3 g6 8. Qe2 Bg7 9. e5 Nd5 10. Ne4 0-0 11. 0-0 Bg4 12. Ng3 Qb8 13. c4 Nc7 14. h3 Bxf3 15. Qxf3 dxe5 16. f5 Ne8 17. Ne4 Nf6 18. Rb1 Rd8 19. Bg5 Nxe4 20. dxe4 f6 21. Be3 Rd3 22. Qf2 Qc7 23. Bxc5 Bh6 24. Qe2 Rad8 25. Qg4 Kf7 26. Qh4 Kg7 27. Qe1 Bf4 28. Rf3 Rxf3 29. gxf3 gxf5 30. Rd1 fxe4 31. fxe4 Qc8 32. Kg2 Rg8 33. Rd3 Qe6 34. b3 Qf7 35. Kh1 Kh8 36. Rf3 Qg6 37. Qe2 Rd8 38. Rd3 Rg8 1/2-1/2

[Event "AUT-chT2W 0708"]
[Site "Austria"]
[Date "2007.10.06"]
[Round "1.5"]
[White "Kranz, Armin"]
[Black "Loeffler, Christoph"]
[Result "1-0"]
[WhiteElo "2172"]
[BlackElo "2172"]
[PlyCount "113"]
[EventDate "2007.10.06"]
[EventType "team"]
[EventRounds "11"]
[EventCountry "AUT"]
[SourceTitle "EXT 2009"]
[Source "ChessBase"]
[SourceDate "2008.11.26"]
[SourceVersion "1"]
[SourceVersionDate "2008.11.26"]
[SourceQuality "1"]
[WhiteTeam "Goetzis"]
[BlackTeam "Salzburg"]
[WhiteTeamCountry "AUT"]
[BlackTeamCountry "AUT"]

1. d4 d5 2. c4 e6 3. Nf3 Nf6 4. g3 Be7 5. Bg2 0-0 6. 0-0 dxc4 7. Qc2 a6 8. Qxc4 b5 9. Qc2 Bb7 10. Bf4 Nd5 11. Nbd2 Nxf4 12. gxf4 g6 13. Rac1 Bd6 14. e3 Nd7 15. Nb3 Nf6 16. Nc5 Bxf3 17. Bxf3 Ra7 18. Nb7 Qd7 19. Na5 Nd5 20. Nc6 Nb4 21. Qd2 Nxc6 22. Bxc6 Qe7 23. e4 Bb4 24. Qe3 Ba5 25. e5 Bb6 26. Rfd1 Rd8 27. Rc2 Qb4 28. a3 Qa4 29. Rcd2 Qc4 30. Qe4 b4 31. Kg2 Ba5 32. Rc2 Qb3 33. a4 Bb6 34. d5 a5 35. Rcd2 exd5 36. Bxd5 Rxd5 37. Qxd5 Qxd5+ 38. Rxd5 Kf8 39. Kf3 Ke7 40. R1d2 Ra8 41. Ke4 Ke6 42. b3 Rb8 43. R5d3 h5 44. Rc2 Rg8 45. h3 Ke7 46. Rdd2 Rg7 47. Kd5 Rg8 48. f3 f5 49. Kc6 Be3 50. Rd7+ Ke6 51. Rxc7 Bxf4 52. Kb5 Kxe5 53. Kxa5 Kd4 54. Re7 Bd6 55. Rd7 Kd5 56. Rd2+ Kc5 57. R2xd6 1-0

[Event "AUT-chT2W 0506"]
[Site "Austria"]
[Date "2006.03.19"]
[Round "11"]
[White "Loeffler, Christoph"]
[Black "Novkovic, Milan"]
[Result "1-0"]
[WhiteElo "2177"]
[BlackElo "2402"]
[PlyCount "55"]
[EventDate "2005.10.08"]
[EventType "team"]
[EventRounds "11"]
[EventCountry "AUT"]
[SourceTitle "EXT 2007"]
[Source "ChessBase"]
[SourceDate "2006.11.23"]
[SourceVersion "1"]
[SourceVersionDate "2006.11.23"]
[SourceQuality "1"]
[WhiteTeam "Salzburg"]
[BlackTeam "Hohenems II"]
[WhiteTeamCountry "AUT"]
[BlackTeamCountry "AUT"]

1. e4 c5 2. Nc3 e6 3. f4 d5 4. Bb5+ Bd7 5. a4 dxe4 6. Nxe4 Nh6 7. Nf3 Nc6 8. c3 Be7 9. 0-0 Qb6 10. Kh1 Nf5 11. Qe2 h5 12. a5 Nxa5 13. Bxd7+ Kxd7 14. Ne5+ Ke8 15. Ng5 Bxg5 16. fxg5 g6 17. Qe4 Nc6 18. b4 cxb4 19. Bb2 Nxe5 20. Qxe5 Rh7 21. cxb4 h4 22. Rxf5 gxf5 23. Bd4 Qc6 24. h3 Qe4 25. Qf6 f4 26. Bc5 Kd7 27. Qe7+ Kc8 28. Bb6 1-0

[Event "AUT-chT2W 0506"]
[Site "Austria"]
[Date "2006.03.18"]
[Round "10"]
[White "Heinzel, Olaf"]
[Black "Loeffler, Christoph"]
[Result "1-0"]
[WhiteElo "2401"]
[BlackElo "2177"]
[PlyCount "135"]
[EventDate "2005.10.08"]
[EventType "team"]
[EventRounds "11"]
[EventCountry "AUT"]
[SourceTitle "EXT 2007"]
[Source "ChessBase"]
[SourceDate "2006.11.23"]
[SourceVersion "1"]
[SourceVersionDate "2006.11.23"]
[SourceQuality "1"]
[WhiteTeam "Innsbruck Rochade"]
[BlackTeam "Salzburg"]
[WhiteTeamCountry "AUT"]
[BlackTeamCountry "AUT"]

1. d4 d5 2. Bf4 Nf6 3. Nf3 c6 4. Nbd2 Bf5 5. e3 e6 6. Be2 Be7 7. Ne5 Nfd7 8. Bd3 Nxe5 9. Bxf5 Ng6 10. Bd3 Nxf4 11. exf4 Qb6 12. Nf3 Qxb2 13. 0-0 Qb6 14. f5 exf5 15. Re1 Qd8 16. Qe2 Kf8 17. Qe5 Nd7 18. Qxf5 g6 19. Qf4 Kg7 20. h4 h5 21. c4 Bf6 22. Rab1 b6 23. cxd5 cxd5 24. Ba6 Nf8 25. Bb7 Qb8 26. Qxb8 Rxb8 27. Bxd5 Rd8 28. Bb3 Nd7 29. g3 Rhe8 30. Rxe8 Rxe8 31. Rc1 Re7 32. Kg2 b5 33. Rc7 Nb6 34. Rc5 Rd7 35. Rxb5 Bxd4 36. Nxd4 Rxd4 37. Rc5 Rd7 38. Kf3 Kf6 39. Ke4 Ke7 40. Rc6 Rb7 41. f4 Nd7 42. f5 Nf6+ 43. Kf4 gxf5 44. Rc5 Rb4+ 45. Kxf5 Nd7 46. Rc7 a5 47. Bxf7 Rb5+ 48. Kf4 Kxf7 49. Rxd7+ Kg6 50. Rd6+ Kh7 51. Re6 Rb2 52. Re5 Rxa2 53. Rxh5+ Kg6 54. Rb5 Ra4+ 55. Kf3 Ra3+ 56. Kg4 Ra4+ 57. Kh3 Ra3 58. h5+ Kh6 59. Kh4 a4 60. Rb6+ Kh7 61. Ra6 Kg7 62. g4 Ra1 63. Kg5 Kf7 64. Kh6 a3 65. g5 a2 66. g6+ Ke7 67. g7 Rg1 68. Rxa2 1-0

[Event "AUT-chT2W 0506"]
[Site "Austria"]
[Date "2006.01.22"]
[Round "8"]
[White "Loeffler, Christoph"]
[Black "Doskocil, Klaus"]
[Result "0-1"]
[WhiteElo "2177"]
[BlackElo "2196"]
[PlyCount "78"]
[EventDate "2005.10.08"]
[EventType "team"]
[EventRounds "11"]
[EventCountry "AUT"]
[SourceTitle "EXT 2007"]
[Source "ChessBase"]
[SourceDate "2006.11.23"]
[SourceVersion "1"]
[SourceVersionDate "2006.11.23"]
[SourceQuality "1"]
[WhiteTeam "Salzburg"]
[BlackTeam "Lustenau"]
[WhiteTeamCountry "AUT"]
[BlackTeamCountry "AUT"]

1. e4 g6 2. d4 Bg7 3. Nc3 c6 4. g3 d5 5. e5 Nh6 6. h4 f6 7. Bxh6 Bxh6 8. h5 fxe5 9. g4 g5 10. f3 exd4 11. Qxd4 0-0 12. Qd2 e5 13. 0-0-0 Qf6 14. Kb1 Be6 15. Bd3 Nd7 16. Re1 b5 17. Qh2 a5 18. Nge2 Nc5 19. Nc1 Bg7 20. h6 Bh8 21. Qg1 Qe7 22. Rh3 b4 23. Nd1 a4 24. Ne3 Qf6 25. Nd1 Ra5 26. Qe3 Bf7 27. Bf5 a3 28. Nd3 Nxd3 29. Qxd3 Bg6 30. Rg1 axb2 31. Ne3 Rfa8 32. Qb3 Ra3 33. Nxd5 cxd5 34. Qxd5+ Bf7 35. Qe4 Rxa2 36. Bxh7+ Kf8 37. Qxb4+ Qe7 38. Qxe7+ Kxe7 39. Be4 Rb8 0-1

[Event "AUT-chT2W 0506"]
[Site "Austria"]
[Date "2005.12.02"]
[Round "3"]
[White "Loeffler, Christoph"]
[Black "Opl, Klaus"]
[Result "1-0"]
[WhiteElo "2177"]
[BlackElo "2333"]
[PlyCount "65"]
[EventDate "2005.10.08"]
[EventType "team"]
[EventRounds "11"]
[EventCountry "AUT"]
[SourceTitle "EXT 2007"]
[Source "ChessBase"]
[SourceDate "2006.11.23"]
[SourceVersion "1"]
[SourceVersionDate "2006.11.23"]
[SourceQuality "1"]
[WhiteTeam "Salzburg"]
[BlackTeam "Mozart"]
[WhiteTeamCountry "AUT"]
[BlackTeamCountry "AUT"]

1. e4 Nf6 2. Nc3 d5 3. e5 Nfd7 4. f4 e6 5. Nf3 c5 6. g3 Nc6 7. Bg2 Be7 8. 0-0 0-0 9. d3 Nb6 10. Re1 d4 11. Ne4 Nd5 12. c4 dxc3 13. bxc3 f5 14. exf6 gxf6 15. Bb2 Qb6 16. Rb1 Qa6 17. c4 Nc7 18. Nc3 Rd8 19. Ne4 Ne8 20. a3 Bd7 21. Bh3 Na5 22. Qe2 Rac8 23. Ne5 Ba4 24. Qg4+ Ng7 25. Nd7 Rxd7 26. Bxf6 Bxf6 27. Nxf6+ Kh8 28. Qh4 h5 29. Nxh5 Nxh5 30. Rxe6 b6 31. Qxh5+ Rh7 32. Qe5+ Rg7 33. Rh6+ 1-0

[Event "AUT-chT2W 0304"]
[Site "Austria"]
[Date "2003.11.15"]
[Round "4"]
[White "Loeffler, Christoph"]
[Black "Hoellrigl, Wilfried"]
[Result "0-1"]
[WhiteElo "2147"]
[BlackElo "2200"]
[PlyCount "52"]
[EventDate "2003.10.18"]
[EventType "team-tourn"]
[EventRounds "11"]
[EventCountry "AUT"]
[SourceTitle "CBM 097 Extra"]
[Source "ChessBase"]
[SourceDate "2004.01.13"]
[SourceVersion "1"]
[SourceVersionDate "2004.01.13"]
[SourceQuality "1"]
[WhiteTeam "Salzburg ASK"]
[BlackTeam "Jenbach II"]
[WhiteTeamCountry "AUT"]
[BlackTeamCountry "AUT"]

1. e4 c5 2. Nc3 Nc6 3. g3 g6 4. Bg2 Bg7 5. d3 d6 6. Nh3 e6 7. 0-0 Nge7 8. f4 0-0 9. Kh1 Rb8 10. Be3 b6 11. Rb1 d5 12. Ne2 dxe4 13. dxe4 Ba6 14. Qxd8 Rfxd8 15. Rf2 Rd7 16. f5 gxf5 17. exf5 exf5 18. Nef4 Rbd8 19. Ng1 Ne5 20. Bc1 Ng4 21. Rf3 Bb7 22. Rf1 Rd1 23. Bxb7 Rxf1 24. h3 Rdd1 25. Nfe2 Bd4 26. hxg4 Bxg1 0-1